00568nam a2200157 a 450000100100000000500170001000800410002704000250006808200160009310000390010924500630014826000470021130000210025895201140027999900170039300003705320200930080118.0120209s1970 cr 000 0 spa d aDO-SdBNPbspacBNPHU axxxxbF363i1 aFernández Simó, Alfredo95875510aInti :bestampas del Perú /cAlfredo Fernández Simó. aCosta Rica :bEditorial Texto LTDA,c1970. a115 p. ;c19 cm. 001050718MOaGRbGRcCTd2012-02-09iLF1l0oxxxx F363ip37053-10r2020-06-25w2020-06-25y1ZNo se presta c36543d36543